000 00295nam a22001217a 4500
008 230619b xxu||||| |||| 00| 0 eng d
020 _a7119036157
082 _a306.8
_bDON 2004
245 _aChinese Culture
260 _aChina
_bForeign Languages Press
_c2004
300 _a107p
942 _2ddc
_cBK
999 _c1407
_d1407